LEADER 02597 am 22004813u 450 001 9910282225803321 005 20221206104922.0 010 $a1-912656-24-8 024 7 $a10.16997/book31 035 $a(CKB)4100000005679624 035 $a(OAPEN)1000370 035 $a(WaSeSS)IndRDA00120472 035 $a(EXLCZ)994100000005679624 100 $a20200601d2018 uy 0 101 0 $aeng 135 $aurmu#---auuuu 181 $ctxt$2rdacontent 182 $cc$2rdamedia 183 $acr$2rdacarrier 200 10$aAppearance, discrimination and the media $eportraying facial disfigurement fairly in the news /$fDiana Garrisi, Laima Janciute, Jacob Johanssen 210 1$aLondon :$cUniversity of Westminster Press,$d2018. 215 $a1 online resource (27 pages) $ccharts; PDF, digital file(s) 225 1 $aCAMRI Policy Briefs ;$vVolume 3 311 08$aPrint version: 9781912656226 320 $aIncludes bibliographical references. 330 $a"The portrayal of disfigurement in the UK media must change. This policy brief is based on recent research that found a general negative and sensationalised attitude towards disfigurement in the media.Dsfigurement is a condition that can affect anyone at any time in life regardless their social or demographic background due to accidents or health conditions or be congenital. In the UK, one in 111 people have facial disfigurements.In order to improve the ways in which media portray disfigurement, this policy brief argues that media should move away from sensationalised coverage on disfigurement and focus instead on the lived experiences of individuals with this condition. It recommends strengthening diversity-oriented editorial practices and training as well as media literacy education. In addition, it addresses the lack of guidelines on the portrayal of disfigurement and urges regulatory bodies to be more efficient in handling complaints." 410 0$aCAMRI policy briefs ;$vVolume 3. 606 $aFace$xAbnormalities$xSocial aspects 606 $aDisfigured persons$xSocial aspects 606 $aMass media$xLaw and legislation$zGreat Britain 615 0$aFace$xAbnormalities$xSocial aspects. 615 0$aDisfigured persons$xSocial aspects. 615 0$aMass media$xLaw and legislation 676 $a343.41099 700 $aGarrisi$b Diana$0863669 702 $aJanciute$b Laima 702 $aJohanssen$b Jacob 801 0$bWaSeSS 801 1$bWaSeSS 906 $aBOOK 912 $a9910282225803321 996 $aAppearance, discrimination and the media$91927731 997 $aUNINA LEADER 01140cam0-2200385---450 001 990004996630403321 005 20200115111102.0 035 $a000499663 035 $aFED01000499663 100 $a20161109d1968----km y0itay50 ba 101 1 $aita$cfre 102 $aIT 105 $ay-------001yy 200 1 $a<>formalisti russi$eteoria della letteratura e metodo critico$fa cura di Tzvetan Todorv$gprefazione di Roman Jakobson 210 $aTorino$cEinaudi$dc1968 215 $a350 p.$d19 cm 225 1 $aPiccola biblioteca Einaudi$v111 676 $a809.91 676 $a801.95 702 1$aTodorov,$bTzvetan$f<1939- 2017> 702 1$aJakobson,$bRoman$f<1896-1982> 801 0$aIT$bUNINA$gRICA$2UNIMARC 901 $aBK 912 $a990004996630403321 952 $a809.91 TOD$b1113$fDECLI 952 $aBIB. BAT. 698$b6240$fBAT 952 $a801.95 TOD 2$fFLFBC 952 $a801.95 TOD 2 BIS$bbibl. 2598$fFLFBC 952 $a801.95 TOD 2 TER$bIfcl.326$fFLFBC 952 $aF.Russo 1275$fBAT 959 $aDECLI 959 $aFLFBC 959 $aBAT 996 $aFormalisti russi$9530483 997 $aUNINA LEADER 03741nam 2200733 450 001 9910787758203321 005 20230803031944.0 010 $a3-11-033823-8 024 7 $a10.1515/9783110338232 035 $a(CKB)2670000000494889 035 $a(EBL)1317858 035 $a(OCoLC)862940168 035 $a(SSID)ssj0001040215 035 $a(PQKBManifestationID)11674652 035 $a(PQKBTitleCode)TC0001040215 035 $a(PQKBWorkID)11000869 035 $a(PQKB)10981050 035 $a(MiAaPQ)EBC1317858 035 $a(DE-B1597)214644 035 $a(OCoLC)862327435 035 $a(OCoLC)868917087 035 $a(DE-B1597)9783110338232 035 $a(Au-PeEL)EBL1317858 035 $a(CaPaEBR)ebr10809545 035 $a(CaONFJC)MIL806611 035 $a(EXLCZ)992670000000494889 100 $a20130925h20132013 uy 0 101 0 $aeng 135 $aurcnu|||||||| 181 $ctxt 182 $cc 183 $acr 200 12$aA chance for possibility $ean investigation into the grounds of modality /$fAlexander Steinberg 210 1$aBoston :$cDe Gruyter,$d[2013] 210 4$dİ2013 215 $a1 online resource (276 p.) 225 1 $aPhilosophische analyse / philosophical analysis ;$v51 300 $aDescription based upon print version of record. 311 0 $a3-11-033489-5 320 $aIncludes bibliographical references and index. 327 $tFront matter --$tAcknowledgements --$tContents --$tChapter 1. Introduction --$tChapter 2. Supervenience --$tChapter 3. Concrete Possible Worlds --$tChapter 4. Abstract Possible Worlds --$tChapter 5. Possibility and Probability --$tChapter 6. Conclusion --$tAppendix A. Non-Nominal Quantification --$tName Index --$tBibliography 330 $aA Chance for Possibility defends the view that the objective modal realm is tripartite: truths about possible worlds supervene on modal truths, which in turn supervene on truths about objective chances. An understanding of supervenience in terms of grounding is developed which - unlike the standard modal characterization - allows the question of what modal truths supervene on to have a non-trivial answer. Relying on this understanding, a negative result is established: modal truths do not supervene on truths about possible worlds, whether possible worlds are conceived of as Lewisian concreta or as abstract objects of some kind. Instead, a conception of pleonastic possible worlds is developed that reverses the direction of supervenience. On the basis of linguistic considerations concerning our use of natural language 'might' and 'might have' sentences, Steinberg finally argues that truths about objective chances are able to provide a supervenience base for modal truths. A Chance for Possibility is an investigation in analytic metaphysics, drawing on related work in the philosophy of logic and language as well as linguistics. It provides a detailed case study for the fruitful use of a notion of grounding in the clarification and evaluation of longstanding philosophical issues. 410 0$aPhilosophische Analyse ;$vBd. 51. 606 $aModality (Logic) 606 $aPossibility 606 $aRealism 606 $aSupervenience (Philosophy) 610 $aModal Logic. 610 $aModal Truth. 610 $aNatural Language. 615 0$aModality (Logic) 615 0$aPossibility. 615 0$aRealism. 615 0$aSupervenience (Philosophy) 676 $a160 686 $aCC 2500$qSEPA$2rvk 700 $aSteinberg$b Alexander$f1979-$01527325 801 0$bMiAaPQ 801 1$bMiAaPQ 801 2$bMiAaPQ 906 $aBOOK 912 $a9910787758203321 996 $aA chance for possibility$93770017 997 $aUNINA